000 00964cam a22002894a 4500
001 25773
003 BD-RjUL
005 20211209050927.0
008 140319r19941993ii b 000 0 eng
020 _a0706963857
035 _a(BD-RjUL)25843
040 _aDLC
_cDLC
_dDLC
_dBD-RjUL
_beng
041 _aeng
082 0 4 _a954.025
_bCHM 1994
100 1 _aChandra, Satish,
_d1922-
_942555
245 1 0 _aMughal religious policies, the Rajputs & the Deccan /
_cSatish Chandra.
260 _aNew Delhi :
_bVikas Pub. House,
_cc1993 [reprinted 1994].
300 _axi, 233 p. ;
_c22 cm.
504 _aIncludes bibliographical references.
650 0 _aReligion and state
_zIndia
_xHistory.
_979167
651 0 _aMogul Empire
_xPolitics and government.
_979168
651 0 _aRajasthan (India)
_xPolitics and government.
_979169
651 0 _aDeccan (India)
_xPolitics and government.
_979170
942 _2ddc
_cBK
999 _c25773
_d25773